Devinez le nom de ces Clubs de Football. - Statistiques

Statistiques générales
  • Ce quiz a été pris 168 fois
  • Le résultat moyen est 18 sur 29
Statistiques - réponses
Par images Réponse % Correct
PSG
99%
Real Madrid
94%
Juventus
88%
Brest
82%
Villarreal
81%
Lille
77%
Ajax Amsterdam
75%
Young Boys
75%
Inter Milan
71%
Wolfsburg
71%
AS Roma
69%
Inter Miami
67%
Las Palmas
67%
Atlético Madrid
66%
Real Sociedad
66%
Dortmund
65%
Galatasaray
63%
Séville
63%
Betis
61%
RB Leipzig
59%
Union Berlin
54%
Boca Juniors
51%
Elfsborg
49%
Eintracht Francfort
46%
Werder Brême
42%
New York RedBull
34%
ES Tunis
14%
Columbus Crew
12%
Alkmaar Zaanstreek
1%
Aucun quiz correspondant
Distribution des résultats
% des personnes avec chaque résultat
Percentile par nombre de réponses
Votre historique - résultats
Vous n’avez pas pris ce quiz